|
003 -Nazwa inst., której nr kontr. jest w polu 001 [,]
|
-
- @
- Nazwa instytucji, której n kontrolny jest w polu 001
- NUKAT
|
|
005 -DATA I CZAS OSTATNIEJ MODYFIKACJI [,]
|
-
- @
- pole kontrolne
- 20241231094615.0
|
|
020 -Międzynarod. znormalizowany nr książki - ISBN [ , ]
|
-
- a
- Numer ISBN
- 9788321413747
|
|
040 -Instytucja sporządzająca opis [ , ]
|
-
- a
- Instytucja, która sporządziła opis (NP)
- WR U/mt
-
- c
- Instytucja, która sporządziła rekord (NP)
- WR U/mt
-
- d
- Instytucja, która zmodyfikowała rekord (P)
- WR U/dl
-
- d
- Instytucja, która zmodyfikowała rekord (P)
- WR U/DZs
-
- d
- Instytucja, która zmodyfikowała rekord (P)
- WR O/KS
|
|
041 -Język dokumentu [1, ]
|
-
- a
- Język tekstu (P)
- polski
-
- h
- Język tekstu oryginalnego i/lub pośredniego (P)
- niemiecki
|
|
942 -Rodzaj dokumentu [ , ]
|
-
- c
- Rodzaj dokumentu
- Książka
|
|
080 -Uniwersalna Klasyfikacja Dziesiętna [ , ]
|
-
- 2
- Identyfikator wydania tablic
- UDC-P058
-
-
- a
- Symbol klasyfikacji
- 821.112.2(091)
-
- b
- Dopowiedzenie
- Literatura niemiecka (historia).
-
-
- x
- Poddział wspólny
- "1945/..."
-
- c
- Dopowiedzenie poddz. wspólnego
- Od 1945.
|
|
080 -Uniwersalna Klasyfikacja Dziesiętna [ , ]
|
-
- 2
- Identyfikator wydania tablic
- UDC-P058
-
-
- a
- Symbol klasyfikacji
- 929-052
-
- b
- Dopowiedzenie
- Biografie zbiorowe.
-
-
- x
- Poddział wspólny
- "1945/..."
-
- c
- Dopowiedzenie poddz. wspólnego
- Od 1945.
|
|
080 -Uniwersalna Klasyfikacja Dziesiętna [ , ]
|
-
- 2
- Identyfikator wydania tablic
- UDC-P058
-
-
- a
- Symbol klasyfikacji
- 016
-
- b
- Dopowiedzenie
- Bibliografie dziedzin i zagadnień.
|
|
080 -Uniwersalna Klasyfikacja Dziesiętna [ , ]
|
-
- 2
- Identyfikator wydania tablic
- UDC-P058
-
-
- a
- Symbol klasyfikacji
- 012
-
- b
- Dopowiedzenie
- Bibliografie prac poszczególnych autorów (osobowe podmiotowe), poszczególnych dzieł oraz wydawnictw poszczególnych instytucji.
|
|
650 -Hasło przedmiotowe [ ,7]
|
-
- a
- Hasło przedmiotowe
- Pisarze niemieckojęzyczni
-
- y
- Określnik chronologiczny
- 1945-
-
- v
- Określnik formalny
- biografie
-
- v
- Określnik formalny
- słowniki.
-
-
|
|
980 -Symbol UKD [ , ]
|
-
- a
- UKD
- 821.112.2(091):929-052]"1945/...":016:012
|
|
700 -Hasło dodatkowe - nazwa osobowa [1, ]
|
-
- a
- Nazwa osobowa (NP)
- Joachimsthaler, Jürgen
-
- d
- Daty biograficzne (NP)
- (1964-2018).
-
- e
- Określenie rodzaju współpracy
- Red.
-
|
|
700 -Hasło dodatkowe - nazwa osobowa [1, ]
|
-
- a
- Nazwa osobowa (NP)
- Zybura, Marek
-
- d
- Daty biograficzne (NP)
- (1957- ).
-
- e
- Określenie rodzaju współpracy
- Red.
-
|
|
700 -Hasło dodatkowe - nazwa osobowa [1, ]
|
-
- a
- Nazwa osobowa (NP)
- Białek, Edward
-
- d
- Daty biograficzne (NP)
- (1956- ).
-
|
|
700 -Hasło dodatkowe - nazwa osobowa [1, ]
|
-
- a
- Nazwa osobowa (NP)
- Achatz, Robert.
-
- e
- Określenie rodzaju współpracy
- Oprac.
-
|
|
700 -Hasło dodatkowe - nazwa osobowa [1, ]
|
-
- a
- Nazwa osobowa (NP)
- Borg, Eliza
-
- d
- Daty biograficzne (NP)
- (1951- ).
-
- e
- Określenie rodzaju współpracy
- Tł.
-
|